Normal view MARC view

Entry Nombre personal

Number of records used in: 22

001 - NÚMERO DE CONTROL

  • campo de control: 107750

003 - IDENTIFICADOR DE NÚMERO DE CONTROL

  • campo de control: SpMaBN

005 - FECHA Y HORA DE LA ÚLTIMA TRANSACCIÓN

  • campo de control: 20250702042458.0

008 - ELEMENTOS DE DATO DE LONGITUD-FIJA

  • campo de control de longitud fija: 901120nn aijnnaabn a aaa

016 ## - NÚMERO DE CONTROL DE UNA AGENCIA BIBLIOGRÁFICA NACIONAL

  • Número de control del registro: BNE19900191999

024 7# - IDENTIFICADOR DE OTROS ESTÁNDARES

  • Número estándar o código: http://viaf.org/viaf/22149024/
  • Fuente: viaf

024 8# - IDENTIFICADOR DE OTROS ESTÁNDARES

  • Número estándar o código: https://data.cervantesvirtual.com/person/8199

024 7# - IDENTIFICADOR DE OTROS ESTÁNDARES

  • Número estándar o código: https://isni.org/isni/0000000122773344
  • Fuente: isni

024 7# - IDENTIFICADOR DE OTROS ESTÁNDARES

  • Número estándar o código: http://www.wikidata.org/entity/Q35802
  • Fuente: wikidata

040 ## - FUENTE DE CATALOGACIÓN

  • Centro catalogador/agencia de origen: SpMaBN
  • Lengua de catalogación: spa
  • Centro/agencia transcriptor: SpMaBN
  • Normas de descripción: rdc
  • Convención/Normas de encabezamiento de materia/tesauro: embne

100 1# - ENCABEZAMIENTO-NOMBRE DE PERSONA

  • Nombre de persona: Spinoza, Benedictus de

370 ## - LUGAR ASOCIADO

  • Lugar de nacimiento: Ámsterdam
  • Número de control del registro de autoridad o número normalizado: XX450853
  • Fuente de información: Wikidata

372 ## - CAMPO DE ACTIVIDAD

  • Campo de actividad: Filosofía
  • Fuente de información: (Dialnet)

373 ## - GRUPO ASOCIADO

  • Grupo asociado: Racionalismo
  • Fuente de información: Wikidata

374 ## - OCUPACIÓN

  • Ocupación: Traductores
  • Ocupación: Traductores
  • Ocupación: Filósofos
  • Fuente de información: Wikidata

375 ## - GÉNERO/SEXO

  • Género: Masculino

377 ## - IDIOMA ASOCIADO

  • Término de lengua/lenguaje: Portugués
  • Término de lengua/lenguaje: Español
  • Término de lengua/lenguaje: Francés
  • Término de lengua/lenguaje: Italiano
  • Término de lengua/lenguaje: Hebreo
  • Término de lengua/lenguaje: Latín

400 1# - TRAZADO DE VÉASE--NOMBRE DE PERSONA

  • Nombre de persona: De Spinoza, Benedictus

400 1# - TRAZADO DE VÉASE--NOMBRE DE PERSONA

  • Nombre de persona: Espinosa, Baruch de

400 1# - TRAZADO DE VÉASE--NOMBRE DE PERSONA

  • Nombre de persona: Espinosa, Bento de

400 1# - TRAZADO DE VÉASE--NOMBRE DE PERSONA

  • Nombre de persona: Espinoza, Baruch de

400 1# - TRAZADO DE VÉASE--NOMBRE DE PERSONA

  • Nombre de persona: Spinoza

400 1# - TRAZADO DE VÉASE--NOMBRE DE PERSONA

  • Nombre de persona: Spinoza, Baruch de

400 1# - TRAZADO DE VÉASE--NOMBRE DE PERSONA

  • Nombre de persona: Spinoza, Benito de

400 1# - TRAZADO DE VÉASE--NOMBRE DE PERSONA

  • Nombre de persona: Spinoza, Baruj

670 ## - FUENTE DE DATOS ENCONTRADOS

  • Cita de la fuente: Tratado breve, 1990
  • Información encontrada: port. (Spinoza)

670 ## - FUENTE DE DATOS ENCONTRADOS

  • Cita de la fuente: Ética demostrada según el orden geométrico, 1984
  • Información encontrada: port. (Baruch de Espinosa)

670 ## - FUENTE DE DATOS ENCONTRADOS

  • Cita de la fuente: Ética demostrada según el orden geométrico, 2009
  • Información encontrada: port. (Baruj Spinoza)

670 ## - FUENTE DE DATOS ENCONTRADOS

  • Cita de la fuente: Hispanidad y judaismo en tiempos de Espinoza, 1987

670 ## - FUENTE DE DATOS ENCONTRADOS

  • Cita de la fuente: Diccionario de filosofía, de José Ferrater Mora, 1980
  • Información encontrada: (Spinoza, Benedictus, Benito o Baruch de (1632-1677))

670 ## - FUENTE DE DATOS ENCONTRADOS

  • Cita de la fuente: CDMARC names, 1993
  • Información encontrada: (Spinoza, Benedictus de, 1632-1677)

670 ## - FUENTE DE DATOS ENCONTRADOS

  • Cita de la fuente: Ética, 1992
  • Información encontrada: port. (Bento de Espinosa)